000 00230nmm a2200085Ia 4500
008 220120s9999||||xx |||||||||||||||||und||
100 _akumar, sanjay
_911314
245 0 _aCommunication Skills
260 _aCoorg institute of technology
999 _c140104
_d140104